000 00252nam a22001217a 4500
008 180518b xxu||||| |||| 00| 0 eng d
041 _aeng
080 _a043.3
100 _a0
101 _aARK-BTH
245 _aVilla- "EA"
_cHoti,A
942 _2udc
_cBK
999 _c45985
_d45985